000
00409nam a22001697a 4500
003
MPLRDC
005
20220104143252.0
008
210129b ||||| |||| 00| 0 eng d
082
_a
870.57 LCM
100
_a
李采靡编选
245
_a
世界著名作家小说选
_c
250
_a
初版
260
_a
_b
香港上海书局
_c
1958
300
_b
精
650
_a
英文小说
942
_c
BK
_o
870.57 LCM
999
_c
38254
_d
38244